<?xml version="1.0" encoding="UTF-8"?>
<record
    xmlns:xsi="http://www.w3.org/2001/XMLSchema-instance"
    xsi:schemaLocation="http://www.loc.gov/MARC21/slim http://www.loc.gov/standards/marcxml/schema/MARC21slim.xsd"
    xmlns="http://www.loc.gov/MARC21/slim">

  <leader>00371nam a2200145Ia 4500</leader>
  <controlfield tag="008">150201s2007    xx            000 0 und d</controlfield>
  <datafield tag="082" ind1=" " ind2=" ">
    <subfield code="a">617.672</subfield>
    <subfield code="b">P2007N</subfield>
  </datafield>
  <datafield tag="100" ind1=" " ind2=" ">
    <subfield code="a">NALLASWAMY,DEEPAK</subfield>
  </datafield>
  <datafield tag="245" ind1=" " ind2=" ">
    <subfield code="a">TEXT BOOK OF PROSTHODONTICS</subfield>
  </datafield>
  <datafield tag="250" ind1=" " ind2=" ">
    <subfield code="a">1ST</subfield>
  </datafield>
  <datafield tag="260" ind1=" " ind2=" ">
    <subfield code="b">JAYPEE MEDICAL PUBLISHER</subfield>
    <subfield code="a">DELHI</subfield>
    <subfield code="c">2007</subfield>
  </datafield>
  <datafield tag="300" ind1=" " ind2=" ">
    <subfield code="a">1-844</subfield>
  </datafield>
  <datafield tag="650" ind1=" " ind2=" ">
    <subfield code="a">PROSTHODONTICS</subfield>
  </datafield>
  <datafield tag="942" ind1=" " ind2=" ">
    <subfield code="2">ddc</subfield>
    <subfield code="c">BK</subfield>
    <subfield code="0">99</subfield>
  </datafield>
  <datafield tag="952" ind1=" " ind2=" ">
    <subfield code="0">0</subfield>
    <subfield code="1">0</subfield>
    <subfield code="2">ddc</subfield>
    <subfield code="4">0</subfield>
    <subfield code="7">0</subfield>
    <subfield code="a">FD</subfield>
    <subfield code="b">FD</subfield>
    <subfield code="d">2008-12-25</subfield>
    <subfield code="e">U.B.S.DELHI</subfield>
    <subfield code="g">850.00</subfield>
    <subfield code="h">1</subfield>
    <subfield code="i">SGTU</subfield>
    <subfield code="l">50</subfield>
    <subfield code="o">617.672 P2007N</subfield>
    <subfield code="p">FD5527</subfield>
    <subfield code="r">2025-03-18 00:00:00</subfield>
    <subfield code="s">2025-03-18</subfield>
    <subfield code="w">2013-02-11</subfield>
    <subfield code="y">BK</subfield>
    <subfield code="k">683</subfield>
  </datafield>
  <datafield tag="952" ind1=" " ind2=" ">
    <subfield code="0">0</subfield>
    <subfield code="1">0</subfield>
    <subfield code="2">ddc</subfield>
    <subfield code="4">0</subfield>
    <subfield code="7">0</subfield>
    <subfield code="a">FD</subfield>
    <subfield code="b">FD</subfield>
    <subfield code="d">2008-12-25</subfield>
    <subfield code="e">U.B.S.DELHI</subfield>
    <subfield code="g">850.00</subfield>
    <subfield code="h">1</subfield>
    <subfield code="i">SGTU</subfield>
    <subfield code="l">28</subfield>
    <subfield code="o">617.672 P2007N</subfield>
    <subfield code="p">FD5528</subfield>
    <subfield code="r">2023-06-08 00:00:00</subfield>
    <subfield code="s">2023-06-08</subfield>
    <subfield code="w">2013-02-11</subfield>
    <subfield code="y">BK</subfield>
    <subfield code="k">683</subfield>
  </datafield>
  <datafield tag="952" ind1=" " ind2=" ">
    <subfield code="0">0</subfield>
    <subfield code="1">0</subfield>
    <subfield code="2">ddc</subfield>
    <subfield code="4">0</subfield>
    <subfield code="7">0</subfield>
    <subfield code="a">FD</subfield>
    <subfield code="b">FD</subfield>
    <subfield code="d">2008-12-25</subfield>
    <subfield code="e">U.B.S.DELHI</subfield>
    <subfield code="g">850.00</subfield>
    <subfield code="h">1</subfield>
    <subfield code="i">SGTU</subfield>
    <subfield code="l">48</subfield>
    <subfield code="m">2</subfield>
    <subfield code="o">617.672 P2007N</subfield>
    <subfield code="p">FD5529</subfield>
    <subfield code="r">2022-09-28 00:00:00</subfield>
    <subfield code="s">2022-09-28</subfield>
    <subfield code="w">2013-02-11</subfield>
    <subfield code="y">BK</subfield>
    <subfield code="k">683</subfield>
  </datafield>
  <datafield tag="952" ind1=" " ind2=" ">
    <subfield code="0">0</subfield>
    <subfield code="1">0</subfield>
    <subfield code="2">ddc</subfield>
    <subfield code="4">0</subfield>
    <subfield code="7">0</subfield>
    <subfield code="a">FD</subfield>
    <subfield code="b">FD</subfield>
    <subfield code="d">2008-12-25</subfield>
    <subfield code="e">U.B.S.DELHI</subfield>
    <subfield code="g">850.00</subfield>
    <subfield code="h">1</subfield>
    <subfield code="i">SGTU</subfield>
    <subfield code="l">51</subfield>
    <subfield code="o">617.672 P2007N</subfield>
    <subfield code="p">FD5530</subfield>
    <subfield code="r">2025-05-13 00:00:00</subfield>
    <subfield code="s">2025-05-13</subfield>
    <subfield code="w">2013-02-11</subfield>
    <subfield code="y">BK</subfield>
    <subfield code="k">683</subfield>
  </datafield>
  <datafield tag="952" ind1=" " ind2=" ">
    <subfield code="0">0</subfield>
    <subfield code="1">0</subfield>
    <subfield code="2">ddc</subfield>
    <subfield code="4">0</subfield>
    <subfield code="7">0</subfield>
    <subfield code="a">FD</subfield>
    <subfield code="b">FD</subfield>
    <subfield code="d">2008-12-25</subfield>
    <subfield code="e">U.B.S.DELHI</subfield>
    <subfield code="g">850.00</subfield>
    <subfield code="h">1</subfield>
    <subfield code="i">SGTU</subfield>
    <subfield code="l">52</subfield>
    <subfield code="o">617.672 P2007N</subfield>
    <subfield code="p">FD5531</subfield>
    <subfield code="r">2023-03-28 00:00:00</subfield>
    <subfield code="s">2023-03-28</subfield>
    <subfield code="w">2013-02-11</subfield>
    <subfield code="y">BK</subfield>
    <subfield code="k">683</subfield>
  </datafield>
  <datafield tag="999" ind1=" " ind2=" ">
    <subfield code="c">4122</subfield>
    <subfield code="d">4122</subfield>
  </datafield>
</record>
